000 01777nam0a22002771 4500
001 rc\3578686
005 20260114120054.0
021 _aRU
_b[75-2856]
035 _a(NLR Aleph) 007803489
090 _a7690410
_c7690410
100 _a20130115d1974 u y0rusy50 ca
101 0 _arus
102 _aRU
105 _ay z |||||
200 1 _aРекомендации всесоюзной научно-технической конференции "Перспективный ассортимент изделий шелковой промышленности с использованием химических волокон". г. Бендеры, 24-26 сентября 1974 г.
_fМ-во легкой пром-сти СССР. Центр. правл. Науч.-техн. о-ва легкой пром-сти
210 _a[Москва]
_cБ. и.
_d1974
215 _a17 с.
_d21
532 1 3 _aРекомендации всесоюзной научно-технической конференции Перспективный ассортимент изделий шелковой промышленности с использованием химических волокон. г. Бендеры, 24-26 сентября 1974 г.
606 _aШелковые ткани
_xАссортимент
_2psbo
710 1 2 _a"Перспективный ассортимент изделий шелковой промышленности с использованием химических волокон", всесоюзная научно-техническая конференция
_eБендеры
_f1974
_9822512
_3RU\NLR\AUTH\880578400
801 0 _aRU
_bNLR
_gpsbo
801 1 _aRU
_bELAR
_2rusmarc
852 _aNLR
_j74-6/7064
942 _cBOOK
980 _aNB